[Event "C.to Provinciale CO"]
[Site "Villa Guardia ITA"]
[Date "2004.03.13"]
[Round "4"]
[White "Laricini, Alberto"]
[Black "Casella, Vincenzo"]
[Result "1-0"]
[WhiteElo "1504"]
[BlackElo "1500"]
[PlyCount "123"]
[EventDate "2004.03.06"]

1. d4 Nf6 2. Nf3 g6 3. c4 Bg7 4. Nc3 O-O 5. e4 d6 6. Be2 Nbd7 7. O-O b6 8. h3
Bb7 9. d5 Rb8 10. Bg5 Re8 11. Qd2 h6 12. Bxh6 Nc5 13. Bxg7 Kxg7 14. Qc2 e6 15.
b4 Ncd7 16. Rac1 Re7 17. Rfe1 Qh8 18. Bd3 e5 19. Qd2 Nf8 20. Qg5 N8h7 21. Qh4
Rbe8 22. Ne2 Bc8 23. c5 Rd8 24. Ng5 Nxg5 25. Qxg5 Qh6 26. Qxh6+ Kxh6 27. Ng3
Kg7 28. a3 a6 29. Rc2 Bb7 30. Rec1 Ne8 31. a4 f6 32. cxd6 cxd6 33. Ne2 Rdd7 34.
f4 Rc7 35. Kf2 Rxc2 36. Rxc2 Rc7 37. Rxc7+ Nxc7 38. g4 Bc8 39. fxe5 fxe5 40.
Kg3 Bd7 41. a5 bxa5 42. bxa5 Bb5 43. Nc1 Bxd3 44. Nxd3 Nb5 45. Nb2 Nd4 46. Nc4
Nb5 47. g5 Kf7 48. h4 Kg7 49. Kg4 Kf7 50. h5 gxh5+ 51. Kxh5 Kg7 52. g6 Kg8 53.
Kg5 Kg7 54. Kh5 Kg8 55. Kh6 Kh8 56. g7+ Kg8 57. Kg6 Nd4 58. Nxd6 Nf3 59. Kf6
Nd2 60. Kxe5 Kxg7 61. Ne8+ Kf7 62. Nc7 1-0

[Event "C.to Provinciale CO"]
[Site "Villa Guardia ITA"]
[Date "2004.03.13"]
[Round "4"]
[White "Orsenigo, Davide"]
[Black "Emoroso, Claudio"]
[Result "1/2-1/2"]
[WhiteElo "1672"]
[BlackElo "1672"]
[PlyCount "150"]
[EventDate "2004.03.06"]

1. e4 e5 2. Nf3 Nc6 3. d4 exd4 4. Bc4 d6 5. Nxd4 Nxd4 6. Qxd4 Be6 7. O-O Nf6 8.
Nc3 Bxc4 9. Qxc4 Be7 10. b3 O-O 11. Bb2 Qd7 12. Rad1 Rad8 13. Rd2 c6 14. Rfd1
Qc7 15. Nb5 Qb8 16. Nc3 Ng4 17. Qe2 Ne5 18. f4 Ng6 19. Qg4 Bf6 20. e5 dxe5 21.
f5 Ne7 22. Ne4 Kh8 23. Nxf6 gxf6 24. Qh4 Ng8 25. Bxe5 Rxd2 26. Bxf6+ Nxf6 27.
Qxf6+ Kg8 28. Qg5+ Kh8 29. Qxd2 f6 30. Re1 Rd8 31. Qb4 Rd5 32. Re7 b5 33. Qh4
Qb6+ 34. Kf1 Rxf5+ 35. Ke2 Re5+ 36. Rxe5 fxe5 37. Qf6+ Kg8 38. Qxe5 c5 39. g4
Kf7 40. h4 Qc6 41. Qf4+ Kg7 42. g5 Qg2+ 43. Qf2 Qe4+ 44. Kd2 Qd5+ 45. Ke1 Qh1+
46. Kd2 Qd5+ 47. Ke1 Qh1+ 48. Kd2 Qd5+ 49. Kc1 Qe5 50. Kb1 Kg6 51. Qd2 b4 52.
Qd3+ Qf5 53. Qa6+ Kh5 54. Qh6+ Kg4 55. h5 Qxg5 56. Qxh7 Qxh5 57. Qxh5+ Kxh5 58.
c3 Kg5 59. Kc2 Kf5 60. cxb4 cxb4 61. Kd3 Ke5 62. Kc4 Kd6 63. Kxb4 Kc6 64. Ka5
Kb7 65. a4 Ka8 66. Kb5 Kb7 67. Kc4 Kc7 68. b4 Kb7 69. Kb5 Ka8 70. Ka6 Kb8 71.
b5 Ka8 72. a5 Kb8 73. b6 axb6 74. axb6 Ka8 75. b7+ Kb8 1/2-1/2

[Event "C.to Provinciale CO"]
[Site "Villa Guardia ITA"]
[Date "2004.03.13"]
[Round "4"]
[White "Rossi, Giampiero"]
[Black "Ghelfi, Giancarlo"]
[Result "1-0"]
[WhiteElo "2048"]
[BlackElo "1600"]
[PlyCount "93"]
[EventDate "2004.03.06"]

1. d4 d5 2. c4 e6 3. Nc3 c6 4. Nf3 Nf6 5. Bg5 Be7 6. e3 Nbd7 7. Qc2 O-O 8. cxd5
exd5 9. Bd3 h6 10. Bh4 Re8 11. O-O Ne4 12. Bxe7 Qxe7 13. Rab1 Ndf6 14. b4 Nxc3
15. Qxc3 Ne4 16. Qc2 Be6 17. Rfc1 Rac8 18. Bxe4 dxe4 19. Qxe4 Bxa2 20. Qxe7
Rxe7 21. Ra1 Bd5 22. Rxa7 Rb8 23. Ne5 Rbe8 24. h3 Kh7 25. Rc3 f6 26. Nd3 g5 27.
Nc5 Rf7 28. Rxb7 Rxb7 29. Nxb7 Rb8 30. Na5 Rxb4 31. Nxc6 Rb1+ 32. Kh2 Rb2 33.
Ne7 Be4 34. Kg3 h5 35. h4 gxh4+ 36. Kf4 Bxg2 37. f3 Rf2 38. e4 Bf1 39. Nf5 h3
40. Rc7+ Kg8 41. Ng3 h2 42. Nh1 Rd2 43. Rc1 Bb5 44. Rc5 Be8 45. Kg3 Kg7 46. d5
Bd7 47. Rc7 1-0

[Event "C.to Provinciale CO"]
[Site "Villa Guardia ITA"]
[Date "2004.03.13"]
[Round "4"]
[White "Schingaro, Angelo"]
[Black "Petetta, Roberto"]
[Result "0-1"]
[WhiteElo "1561"]
[BlackElo "1663"]
[PlyCount "84"]
[EventDate "2004.03.06"]

1. c4 e5 2. Nc3 Nf6 3. Nf3 d6 4. g3 Bg4 5. Bg2 c6 6. d3 Qc7 7. a3 Be7 8. b4 O-O
9. O-O Nbd7 10. Bb2 Rac8 11. Rc1 Qb8 12. Ne1 Ne8 13. Qd2 f5 14. e3 f4 15. exf4
exf4 16. gxf4 Bf6 17. Nf3 Nc7 18. Ng5 Rce8 19. Nge4 Be7 20. d4 Ne6 21. d5 Nxf4
22. Rfe1 Ne5 23. dxc6 Nxg2 24. Kxg2 bxc6 25. Nxd6 Qxd6 26. Qxd6 Bxd6 27. Ne4
Nd3 28. Nxd6 Rxe1 29. Rxe1 Nxe1+ 30. Kf1 Nd3 31. Bd4 Rd8 32. c5 Bf3 33. h3 Rf8
34. Be3 a6 35. Bd4 Rf4 36. Be3 Rh4 37. Nf5 Rxh3 38. Ng3 Kf7 39. Bd2 h5 40. a4
h4 41. Ne2 Rh1+ 42. Ng1 h3 0-1

[Event "C.to Provinciale CO"]
[Site "Villa Guardia ITA"]
[Date "2004.03.14"]
[Round "5"]
[White "Casella, Vincenzo"]
[Black "Schingaro, Angelo"]
[Result "0-1"]
[WhiteElo "1500"]
[BlackElo "1561"]
[PlyCount "118"]
[EventDate "2004.03.06"]

1. d4 Nf6 2. Nf3 g6 3. g3 Bg7 4. Bg2 d6 5. c4 Nbd7 6. O-O O-O 7. Nc3 e5 8. Bg5
h6 9. Bxf6 Bxf6 10. e4 exd4 11. Nxd4 Ne5 12. b3 Bd7 13. Rc1 a6 14. Qd2 Bg7 15.
Rce1 Rb8 16. Nce2 Qf6 17. f4 Nc6 18. Nf3 Rbd8 19. Qc2 Rfe8 20. Nc1 Nd4 21. Nxd4
Qxd4+ 22. Kh1 Bc6 23. Qf2 Re7 24. Qxd4 Bxd4 25. Nd3 Rde8 26. f5 Bxe4 27. Bxe4
Rxe4 28. fxg6 fxg6 29. Rd1 Be5 30. Rb1 a5 31. Rfd1 Rf8 32. Nxe5 Rxe5 33. Rb2
Rfe8 34. Rdd2 Kg7 35. Kg2 g5 36. Rf2 R8e6 37. Rfd2 c6 38. Rbc2 Kf6 39. Rf2+ Ke7
40. Rfd2 b6 41. Kf2 Kd7 42. Re2 Rxe2+ 43. Rxe2 Rxe2+ 44. Kxe2 Ke6 45. Ke3 Ke5
46. Kd3 d5 47. cxd5 Kxd5 48. a3 b5 49. Ke3 c5 50. Kd3 c4+ 51. bxc4+ bxc4+ 52.
Kc3 g4 53. Kc2 Kd4 54. Kd2 c3+ 55. Kc2 Kc4 56. a4 h5 57. Kc1 Kb3 58. Kb1 Kxa4
59. Kc2 Kb4 0-1

[Event "C.to Provinciale CO"]
[Site "Villa Guardia ITA"]
[Date "2004.03.14"]
[Round "5"]
[White "Coppola, Guido"]
[Black "Buonocore, Elio"]
[Result "1-0"]
[WhiteElo "1839"]
[BlackElo "2099"]
[PlyCount "107"]
[EventDate "2004.03.06"]

1. e4 c5 2. Nf3 Nc6 3. d4 cxd4 4. Nxd4 Nf6 5. Nc3 e5 6. Ndb5 d6 7. a4 a6 8. Na3
Bg4 9. f3 Be6 10. Be3 Rc8 11. Qd2 Nb4 12. Bg5 d5 13. Bxf6 gxf6 14. Nxd5 Nxd5
15. exd5 Qxd5 16. Qxd5 Bxd5 17. Bd3 h5 18. Bf5 Rc7 19. c3 Rg8 20. Bh3 f5 21.
Nc2 Be6 22. O-O-O a5 23. Rde1 f6 24. Nd4 Kf7 25. Nxe6 Kxe6 26. Kc2 Bh6 27. Re2
Rc4 28. Kb3 Rc5 29. Rd1 h4 30. Rd4 Bg5 31. f4 Bh6 32. fxe5 Rxe5 33. Rxe5+ fxe5
34. Rxh4 Bg5 35. Rc4 Bf4 36. Rc5 Ra8 37. Kc4 Bxh2 38. Rb5 Ra7 39. Rb6+ Ke7 40.
Bxf5 Kd8 41. Be4 Kc7 42. Kb5 Bg1 43. Re6 Bh2 44. Rh6 Bf4 45. Rh7+ Kb8 46. g4
Be3 47. Rg7 b6 48. Rg8+ Kc7 49. g5 Kd6 50. Rg6+ Kc7 51. Rg7+ Kb8 52. Rg8+ Kc7
53. g6 Kd6 54. g7 1-0

[Event "C.to Provinciale CO"]
[Site "Villa Guardia ITA"]
[Date "2004.03.14"]
[Round "5"]
[White "Corti, Filippo"]
[Black "Cairoli, Camillo"]
[Result "1-0"]
[WhiteElo "1585"]
[BlackElo "1882"]
[PlyCount "53"]
[EventDate "2004.03.06"]

1. Nf3 d5 2. g3 Nf6 3. Bg2 g6 4. d3 Bg7 5. O-O O-O 6. Nbd2 c5 7. c3 Nc6 8. e4
dxe4 9. dxe4 e5 10. Qc2 Qc7 11. a4 h6 12. Nc4 Be6 13. Qe2 Rfd8 14. Nh4 Bxc4 15.
Qxc4 Na5 16. Qe2 Nb3 17. Ra2 Nxc1 18. Rxc1 c4 19. Raa1 Rd7 20. Bf1 Rc8 21. Bh3
Re7 22. Bxc8 Qxc8 23. Rd1 Re8 24. Rd6 Ng4 25. Rad1 Bf8 26. R6d2 Nxf2 27. Kxf2
1-0

[Event "C.to Provinciale CO"]
[Site "Villa Guardia ITA"]
[Date "2004.03.14"]
[Round "5"]
[White "Emoroso, Claudio"]
[Black "Raineri, Pieroberto"]
[Result "1-0"]
[WhiteElo "1672"]
[BlackElo "1555"]
[PlyCount "138"]
[EventDate "2004.03.06"]

1. e4 c5 2. Nf3 Nc6 3. c3 d5 4. e5 Bg4 5. Bb5 a6 6. Bxc6+ bxc6 7. O-O g6 8. Qa4
Qd7 9. Ne1 Be2 10. f4 Bxf1 11. Kxf1 Nh6 12. d3 Bg7 13. Be3 O-O 14. Bxc5 Nf5 15.
Nd2 f6 16. Ndf3 fxe5 17. fxe5 Bh6 18. Ke2 Ng7 19. Qh4 Nf5 20. Qh3 Bg7 21. d4 a5
22. Nd3 Rf7 23. Ng5 Nxd4+ 24. cxd4 Qxh3 25. Nxh3 Bh6 26. Rf1 e6 27. Rxf7 Kxf7
28. b3 g5 29. g4 Kg6 30. Nhf2 Bf8 31. h3 Bxc5 32. Nxc5 Kf7 33. a3 Rb8 34. a4
Kg6 35. Ke3 h5 36. Nfd3 hxg4 37. hxg4 Kf7 38. Nf2 Rh8 39. Kf3 Rb8 40. Nh3 Kg6
41. Ke3 Rh8 42. Ng1 Rb8 43. Nf3 Rb4 44. Nxe6 Rxb3+ 45. Kf2 Rb2+ 46. Kg3 Rb4 47.
Nc5 Rc4 48. e6 Kf6 49. Kf2 Rc2+ 50. Ke3 Rc3+ 51. Ke2 Rc2+ 52. Ke3 Rc3+ 53. Ke2
Ra3 54. Ne5 Ra2+ 55. Kd3 Ra3+ 56. Kc2 Ra2+ 57. Kb3 Rg2 58. Nxc6 Rxg4 59. e7
Rg3+ 60. Kc2 Re3 61. Kd2 Rxe7 62. Nxe7 Kxe7 63. Ke3 Kf6 64. Kf3 Kf5 65. Nb3 g4+
66. Ke3 g3 67. Nxa5 Kg4 68. Nb3 g2 69. Kf2 Kh3 1-0

[Event "C.to Provinciale CO"]
[Site "Villa Guardia ITA"]
[Date "2004.03.14"]
[Round "5"]
[White "Grassetto, Gilberto"]
[Black "Orsenigo, Davide"]
[Result "1-0"]
[WhiteElo "1597"]
[BlackElo "1672"]
[PlyCount "61"]
[EventDate "2004.03.06"]

1. d4 Nf6 2. c4 c5 3. d5 b5 4. cxb5 a6 5. e3 d6 6. Nc3 g6 7. Nf3 Bg7 8. Bc4 O-O
9. O-O Nbd7 10. a4 axb5 11. Bxb5 Ba6 12. Ra3 Bxb5 13. axb5 Rxa3 14. bxa3 Qa5
15. Qb3 Ng4 16. Bd2 Rb8 17. Rb1 Nde5 18. Nxe5 Nxe5 19. Ne4 Qa8 20. Nc3 Qa5 21.
a4 Nd7 22. Ne4 Qa8 23. a5 Ne5 24. a6 c4 25. Qc2 Qxd5 26. b6 Qa8 27. a7 Rb7 28.
f4 Ng4 29. h3 Nh6 30. Qxc4 Rxb6 31. Rxb6 1-0

[Event "C.to Provinciale CO"]
[Site "Villa Guardia ITA"]
[Date "2004.03.14"]
[Round "5"]
[White "Larghi, Riccardo"]
[Black "Liscio, Giovanni"]
[Result "1-0"]
[WhiteElo "1872"]
[BlackElo "1831"]
[PlyCount "77"]
[EventDate "2004.03.06"]

1. Nf3 d5 2. c4 c6 3. d4 Nf6 4. e3 g6 5. Nc3 Bg7 6. Qb3 O-O 7. Be2 e6 8. Bd2
dxc4 9. Qxc4 b5 10. Qd3 a6 11. Rc1 Nbd7 12. Ne4 Nxe4 13. Qxe4 Bb7 14. O-O Qb6
15. Qc2 b4 16. Qa4 a5 17. a3 e5 18. d5 Rfc8 19. dxc6 Bxc6 20. Rxc6 Rxc6 21.
axb4 Rd6 22. Bc3 Qd8 23. bxa5 Nc5 24. Qc2 Na6 25. Nxe5 Rd5 26. Nc6 Qc7 27. Bxg7
Kxg7 28. b4 Nxb4 29. Nxb4 Qxc2 30. Nxc2 Rd2 31. Nd4 Rxa5 32. Nb3 Rxe2 33. Nxa5
h5 34. Nc6 Ra2 35. h4 f6 36. Nd4 g5 37. Rb1 Kg6 38. hxg5 fxg5 39. Rb6+ 1-0

[Event "C.to Provinciale CO"]
[Site "Villa Guardia ITA"]
[Date "2004.03.14"]
[Round "5"]
[White "Napoli, Ferdinando"]
[Black "Bellotto, Stefano"]
[Result "1-0"]
[WhiteElo "1657"]
[BlackElo "1803"]
[PlyCount "95"]
[EventDate "2004.03.06"]

1. e4 d6 2. d4 Nf6 3. Nc3 c6 4. h3 Nbd7 5. Nf3 e5 6. Be2 Be7 7. O-O O-O 8. Re1
b5 9. a3 a6 10. Bf1 Bb7 11. Bg5 h6 12. Bh4 Nh5 13. Bxe7 Qxe7 14. dxe5 Nxe5 15.
Nxe5 Qxe5 16. Qd2 Rad8 17. Rad1 Rfe8 18. g3 c5 19. b4 cxb4 20. axb4 Rc8 21. Nd5
Bxd5 22. exd5 Qb2 23. Rb1 Qf6 24. Be2 Qf5 25. Bg4 Qg6 26. Bxc8 Rxc8 27. Qd3 Qg5
28. Qe4 Rc4 29. Qe7 Qxd5 30. Rbd1 Qf3 31. Qxd6 Rxc2 32. Re8+ Kh7 33. Qd3+ Qxd3
34. Rxd3 Nf6 35. Ree3 Rc4 36. Ra3 Nd5 37. Rf3 Nxb4 38. Rxf7 Rc6 39. Ra7 Rb6 40.
Kg2 Rf6 41. Rf3 Rb6 42. Rff7 Nc6 43. Rxg7+ Kh8 44. Rh7+ Kg8 45. Rag7+ Kf8 46.
Rc7 Kg8 47. Rxh6 b4 48. Rhxc6 1-0

[Event "C.to Provinciale CO"]
[Site "Villa Guardia ITA"]
[Date "2004.03.14"]
[Round "5"]
[White "Pede, Lucio"]
[Black "Ghelfi, Giancarlo"]
[Result "1-0"]
[WhiteElo "1663"]
[BlackElo "1600"]
[PlyCount "63"]
[EventDate "2004.03.06"]

1. e4 c5 2. Nf3 d6 3. d4 cxd4 4. Nxd4 Nf6 5. Nc3 a6 6. a4 e5 7. Nb3 Be6 8. Bd3
Be7 9. O-O O-O 10. Bg5 Nc6 11. Nd5 Nxd5 12. exd5 Bxd5 13. Bxe7 Qxe7 14. Bxh7+
Kxh7 15. Qxd5 Rac8 16. c3 Rfd8 17. Rae1 g6 18. f4 Qc7 19. fxe5 Nxe5 20. Rxe5
Qb6+ 21. Nd4 dxe5 22. Rxf7+ Kh6 23. Qxe5 Rc5 24. Qg7+ Kg5 25. Nf3+ Kg4 26. Nd4
Qd6 27. Rf6 Qd5 28. Rxg6+ Kf4 29. Qf6+ Ke3 30. Qf2+ Ke4 31. Qe2+ Kf4 32. g3#
1-0

[Event "C.to Provinciale CO"]
[Site "Villa Guardia ITA"]
[Date "2004.03.14"]
[Round "5"]
[White "Revinelli, Sergio"]
[Black "Rossi, Giampiero"]
[Result "1/2-1/2"]
[WhiteElo "1789"]
[BlackElo "2048"]
[PlyCount "72"]
[EventDate "2004.03.06"]

1. e4 c5 2. Nf3 e6 3. d4 cxd4 4. Nxd4 a6 5. Bd3 Nf6 6. O-O Qc7 7. Nb3 Nc6 8. c4
d6 9. f4 Be7 10. Be3 O-O 11. Nc3 Bd7 12. Rc1 Rfe8 13. Qe2 Nb4 14. Nd2 Nxd3 15.
Qxd3 Bc6 16. Qe2 b6 17. Rfe1 Qb7 18. Bd4 Rec8 19. b3 b5 20. Qe3 b4 21. Nd1 Nd7
22. Qg3 e5 23. Ba1 Bf8 24. f5 a5 25. Qf3 a4 26. Ne3 axb3 27. axb3 Ra2 28. Rc2
Rca8 29. Bb2 Nc5 30. Nd5 Bxd5 31. exd5 Qb6 32. Kf1 f6 33. Rec1 Be7 34. Ne4 Bd8
35. Re2 Nxe4 36. Qxe4 R2a6 1/2-1/2

[Event "C.to Provinciale CO"]
[Site "Villa Guardia ITA"]
[Date "2004.03.14"]
[Round "6"]
[White "Bellotto, Stefano"]
[Black "Petetta, Roberto"]
[Result "1-0"]
[WhiteElo "1803"]
[BlackElo "1663"]
[PlyCount "51"]
[EventDate "2004.03.06"]

1. e4 c5 2. Nf3 d6 3. d3 g6 4. g3 Bg7 5. Bg2 Bg4 6. O-O Nf6 7. Re1 O-O 8. Nbd2
Nc6 9. c3 Qc7 10. h3 Bd7 11. Nf1 Rad8 12. Qe2 Rfe8 13. g4 Bc8 14. Ng3 Nd7 15.
Nh4 b5 16. f4 Nb6 17. Nf3 e5 18. f5 Bb7 19. g5 f6 20. h4 d5 21. gxf6 Bxf6 22.
Bg5 Rd6 23. exd5 Nxd5 24. Ne4 Nf4 25. Bxf4 exf4 26. Nxf6+ 1-0

[Event "C.to Provinciale CO"]
[Site "Villa Guardia ITA"]
[Date "2004.03.14"]
[Round "6"]
[White "Buonocore, Elio"]
[Black "Napoli, Ferdinando"]
[Result "0-1"]
[WhiteElo "2099"]
[BlackElo "1657"]
[PlyCount "58"]
[EventDate "2004.03.06"]

1. e4 c5 2. Nf3 d6 3. Bb5+ Bd7 4. Bxd7+ Qxd7 5. c4 Nc6 6. O-O g6 7. d4 cxd4 8.
Nxd4 Bg7 9. Ne2 Nf6 10. Nbc3 O-O 11. f3 Rac8 12. Bg5 Rfd8 13. b3 Ne8 14. Rc1
Nc7 15. Nd5 Nxd5 16. exd5 Ne5 17. Nd4 Qc7 18. f4 Nd7 19. f5 Ne5 20. h3 a6 21.
a4 Re8 22. Qd2 Qd7 23. Rf2 Qd8 24. Rcf1 Qb6 25. Be3 Qd8 26. Kh1 Qc7 27. Bg5 Qb6
28. a5 Qc5 29. f6 exf6 0-1

[Event "C.to Provinciale CO"]
[Site "Villa Guardia ITA"]
[Date "2004.03.14"]
[Round "6"]
[White "Cairoli, Camillo"]
[Black "Laricini, Alberto"]
[Result "1-0"]
[WhiteElo "1882"]
[BlackElo "1504"]
[PlyCount "65"]
[EventDate "2004.03.06"]

1. d4 d5 2. Bg5 Nf6 3. e3 e6 4. c4 Be7 5. Nc3 O-O 6. Nf3 Nbd7 7. Rc1 h6 8. Bh4
b6 9. cxd5 Nxd5 10. Nxd5 exd5 11. Bxe7 Qxe7 12. Rxc7 Qb4+ 13. Qd2 Qxd2+ 14.
Kxd2 Nf6 15. Bd3 Be6 16. Rhc1 Rfc8 17. Ba6 Ne4+ 18. Ke2 Rd8 19. Ne5 Nf6 20. f3
Ne8 21. R7c3 Kf8 22. a4 f6 23. Ng6+ Kf7 24. Nf4 g5 25. Nxe6 Kxe6 26. Bc8+ Kf7
27. Kd3 Kf8 28. Ba6 Ke7 29. e4 dxe4+ 30. fxe4 Nd6 31. Rf1 Rab8 32. Rc7+ Ke6 33.
d5+ 1-0

[Event "C.to Provinciale CO"]
[Site "Villa Guardia ITA"]
[Date "2004.03.14"]
[Round "6"]
[White "Larghi, Riccardo"]
[Black "Coppola, Guido"]
[Result "1-0"]
[WhiteElo "1872"]
[BlackElo "1839"]
[PlyCount "75"]
[EventDate "2004.03.06"]

1. e4 c5 2. Nf3 d6 3. d4 cxd4 4. Nxd4 Nf6 5. Nc3 a6 6. Be3 e5 7. Nf3 Be7 8. h3
Qc7 9. Bd3 Nbd7 10. O-O b5 11. a3 Bb7 12. Nd2 Nc5 13. f4 Nxd3 14. cxd3 O-O 15.
Nf3 Rfe8 16. Rc1 Qb8 17. Qb3 exf4 18. Bxf4 Qa7+ 19. Kh2 Bc8 20. Ng5 Bf8 21. Nd5
Nxd5 22. Qxd5 Be6 23. Nxe6 Rxe6 24. Rc6 Rd8 25. Bg3 Rd7 26. Rc8 Rg6 27. Ra8 Qc5
28. Qb3 Qc6 29. Rd8 h6 30. Rxd7 Qxd7 31. Qd5 Qa7 32. d4 Rg5 33. e5 dxe5 34.
Bxe5 Rg6 35. Rc1 Qe7 36. Rc8 Kh7 37. Qa8 Kg8 38. Re8 1-0

[Event "C.to Provinciale CO"]
[Site "Villa Guardia ITA"]
[Date "2004.03.14"]
[Round "6"]
[White "Liscio, Giovanni"]
[Black "Revinelli, Sergio"]
[Result "1-0"]
[WhiteElo "1831"]
[BlackElo "1789"]
[PlyCount "66"]
[EventDate "2004.03.06"]

1. d4 d5 2. c4 c6 3. Nc3 e6 4. Nf3 Nf6 5. e3 dxc4 6. Bxc4 b5 7. Bd3 Nbd7 8. a3
Qb6 9. O-O a6 10. e4 c5 11. dxc5 Nxc5 12. e5 Nxd3 13. Qxd3 Nd7 14. b4 Bb7 15.
Be3 Qc7 16. Bf4 Nb6 17. Rac1 Nc4 18. Ne4 Bxe4 19. Qxe4 Rc8 20. Nd2 Nxd2 21.
Bxd2 Qd7 22. Bg5 Be7 23. Bxe7 Kxe7 24. g3 Qd5 25. Qh4+ f6 26. exf6+ gxf6 27.
Rc5 Qf3 28. Qh6 e5 29. Qg7+ Ke6 30. Rc7 h5 31. Re7+ Kd5 32. Qf7+ Kd4 33. Rd7+
Kc3 1-0

[Event "C.to Provinciale CO"]
[Site "Villa Guardia ITA"]
[Date "2004.03.14"]
[Round "6"]
[White "Pede, Lucio"]
[Black "Grassetto, Gilberto"]
[Result "1-0"]
[WhiteElo "1663"]
[BlackElo "1597"]
[PlyCount "76"]
[EventDate "2004.03.06"]

1. e4 c5 2. Nf3 d6 3. d4 cxd4 4. Nxd4 Nf6 5. Nc3 a6 6. Be2 Nc6 7. O-O e6 8.
Nxc6 bxc6 9. e5 Nd5 10. Nxd5 cxd5 11. Bf4 Be7 12. exd6 Bxd6 13. Bxd6 Qxd6 14.
c4 d4 15. Bd3 O-O 16. Qc2 h6 17. c5 Qc7 18. Bh7+ Kh8 19. Be4 Ra7 20. b4 f5 21.
Bd3 e5 22. f3 Bd7 23. Rac1 Bb5 24. Rfe1 Bxd3 25. Qxd3 g6 26. f4 exf4 27. Qxd4+
Kh7 28. Qd6 Rf7 29. Re6 Qxd6 30. Rxd6 Rfd7 31. Rcd1 Rxd6 32. Rxd6 h5 33. c6 Ra8
34. c7 Rc8 35. Rc6 Kg7 36. a4 Kf7 37. b5 axb5 38. axb5 Ke7 1-0

[Event "C.to Provinciale CO"]
[Site "Villa Guardia ITA"]
[Date "2004.03.14"]
[Round "6"]
[White "Raineri, Pieroberto"]
[Black "Orsenigo, Davide"]
[Result "0-1"]
[WhiteElo "1555"]
[BlackElo "1672"]
[PlyCount "44"]
[EventDate "2004.03.06"]

1. Nf3 c5 2. c4 d5 3. cxd5 Qxd5 4. Nc3 Qh5 5. d4 Nf6 6. dxc5 Qxc5 7. Be3 Qb4 8.
Bd2 Nc6 9. Na4 Qd6 10. Qc2 e5 11. e4 Bg4 12. Bb5 Rc8 13. Rd1 Bxf3 14. gxf3 Qc7
15. Nc3 a6 16. Ba4 b5 17. Nxb5 axb5 18. Bxb5 Qb6 19. Qa4 Bc5 20. Ba5 Qb7 21.
Bxc6+ Rxc6 22. Qxc6+ Qxc6 0-1

[Event "C.to Provinciale CO"]
[Site "Villa Guardia ITA"]
[Date "2004.03.14"]
[Round "6"]
[White "Rossi, Giampiero"]
[Black "Emoroso, Claudio"]
[Result "1/2-1/2"]
[WhiteElo "2048"]
[BlackElo "1672"]
[PlyCount "92"]
[EventDate "2004.03.06"]

1. d4 d5 2. c4 e6 3. Nc3 Nf6 4. cxd5 exd5 5. Bg5 Be7 6. e3 c6 7. Qc2 Nh5 8.
Bxe7 Qxe7 9. Nxd5 Qd6 10. Nc3 Be6 11. Bd3 h6 12. Nge2 Nd7 13. Ng3 Nxg3 14. hxg3
Nb6 15. Ne4 Qb4+ 16. Qc3 Nd5 17. Qxb4 Nxb4 18. Bb1 b6 19. a3 Nd5 20. Ba2 Ke7
21. O-O Rac8 22. Rfc1 h5 23. Ng5 h4 24. Nxe6 fxe6 25. Bxd5 exd5 26. gxh4 Rxh4
27. g3 Rh6 28. Kg2 c5 29. Rc3 Kd6 30. Rac1 g5 31. b4 c4 32. e4 b5 33. e5+ Ke6
34. Rh1 Rxh1 35. Kxh1 Rf8 36. Kg2 g4 37. f3 Rxf3 38. Rxf3 gxf3+ 39. Kxf3 Kf5
40. g4+ Kg5 41. Ke3 Kg6 42. Kf4 Kf7 43. g5 Kf8 44. Ke3 Kf7 45. Kf3 Kf8 46. Kf4
Kf7 1/2-1/2

[Event "C.to Provinciale LI"]
[Site "Livorno ITA"]
[Date "2004.01.31"]
[Round "3"]
[White "Cheli, Giancarlo"]
[Black "Galletti, Armando"]
[Result "0-1"]
[WhiteElo "1845"]
[BlackElo "1627"]
[PlyCount "60"]
[EventDate "2004.01.25"]

1. e4 e5 2. Nf3 Nc6 3. Be2 Nf6 4. d3 Be7 5. c3 O-O 6. O-O h6 7. Qc2 d5 8. b4 a6
9. Bb2 Be6 10. a4 Bd6 11. b5 Na5 12. c4 d4 13. c5 Be7 14. Nxe5 Nb3 15. Ra3 Nxc5
16. Nf3 Ncd7 17. Ra1 c5 18. bxc6 bxc6 19. Nxd4 Rc8 20. Nxc6 Kh8 21. Rc1 Qb6 22.
a5 Qb7 23. e5 Nd5 24. Ra4 Nb8 25. Rc4 Nxc6 26. Rxc6 Rxc6 27. Qxc6 Qxb2 28. Qc2
Qxe5 29. d4 Qg5 30. Bxa6 Nb4 0-1

[Event "C.to Provinciale LI"]
[Site "Livorno ITA"]
[Date "2004.01.31"]
[Round "3"]
[White "Federico, Salvatore"]
[Black "Rinaldi, Francesco Saverio"]
[Result "0-1"]
[WhiteElo "1642"]
[BlackElo "1965"]
[PlyCount "100"]
[EventDate "2004.01.25"]

1. d4 g6 2. e4 Bg7 3. Be3 c5 4. Nc3 cxd4 5. Bxd4 Bxd4 6. Qxd4 Nf6 7. Nd5 Nc6 8.
Nxf6+ exf6 9. Qd2 O-O 10. O-O-O Re8 11. f3 Qe7 12. Bc4 Qe5 13. Qd5 Qxd5 14.
Rxd5 a6 15. Rd6 Kg7 16. Nh3 Re5 17. Nf4 Rc5 18. Bb3 Ne5 19. Rhd1 a5 20. a4 Rc6
21. Ne2 Raa6 22. Rxc6 bxc6 23. h3 c5 24. Bd5 d6 25. f4 Nd7 26. Bc4 Rb6 27. Bb5
Nf8 28. Nc3 Bb7 29. Nd5 Bxd5 30. exd5 Rb8 31. Re1 Ra8 32. Re7 f5 33. Kd2 Kf6
34. Re8 Rxe8 35. Bxe8 Ke7 36. Bc6 Kd8 37. Kc3 Kc7 38. Kc4 Kb6 39. c3 f6 40. b4
cxb4 41. cxb4 g5 42. bxa5+ Kxa5 43. fxg5 fxg5 44. Kd4 Ng6 45. Bd7 f4 46. Ke4
Nh4 47. Bg4 Kxa4 48. Bf3 Kb4 49. Kd4 Nxf3+ 50. gxf3 h6 0-1

[Event "C.to Provinciale LI"]
[Site "Livorno ITA"]
[Date "2004.01.31"]
[Round "3"]
[White "Gazzarri, Alberto"]
[Black "Pinto, Antonio"]
[Result "1/2-1/2"]
[WhiteElo "2173"]
[BlackElo "1771"]
[PlyCount "69"]
[EventDate "2004.01.25"]

1. e4 e6 2. d4 d5 3. e5 c5 4. c3 Nc6 5. Nf3 Bd7 6. Be2 f6 7. O-O fxe5 8. Nxe5
Nxe5 9. dxe5 Qc7 10. Bh5+ g6 11. Bf3 O-O-O 12. Re1 Bg7 13. Qe2 Nh6 14. Bxh6
Bxh6 15. a4 Kb8 16. b3 Rhf8 17. Na3 Bg7 18. Bg4 Qb6 19. Nb5 Bxb5 20. Qxb5 Qxb5
21. axb5 Rde8 22. Ra4 h5 23. Bh3 g5 24. f3 Rf7 25. Ra2 Rd7 26. g3 d4 27. c4 Rf7
28. Rf2 Bh6 29. Bf1 Ref8 30. Kg2 h4 31. Be2 Rf5 32. Bd1 Bg7 33. g4 Rxe5 34.
Rxe5 Bxe5 35. Bc2 1/2-1/2

[Event "C.to Provinciale LI"]
[Site "Livorno ITA"]
[Date "2004.02.01"]
[Round "4"]
[White "Pinto, Antonio"]
[Black "Cheli, Giancarlo"]
[Result "0-1"]
[WhiteElo "1771"]
[BlackElo "1845"]
[PlyCount "66"]
[EventDate "2004.01.25"]

1. e4 c5 2. Nf3 d6 3. d4 cxd4 4. Nxd4 Nf6 5. Nc3 Nc6 6. Bc4 e6 7. Be3 Be7 8.
Qe2 Qc7 9. Bb3 a6 10. O-O-O O-O 11. Rhg1 Nd7 12. g4 Nc5 13. g5 Bd7 14. Qh5 Rfc8
15. Rg3 g6 16. Qh6 Bf8 17. Qh4 Nxb3+ 18. axb3 Nxd4 19. Bxd4 e5 20. Be3 Be6 21.
f4 exf4 22. Bxf4 b5 23. Rd2 Rab8 24. Rgd3 b4 25. Nd5 Bxd5 26. Rxd5 Rb6 27. Qg3
Rc6 28. Qd3 Qb7 29. e5 dxe5 30. Bxe5 Qe7 31. Bf6 Qe1+ 32. Rd1 Qf2 33. Qd2 Rxc2+
0-1

[Event "C.to Provinciale LI"]
[Site "Livorno ITA"]
[Date "2004.02.01"]
[Round "4"]
[White "Rinaldi, Francesco Saverio"]
[Black "Giuntoli, Stefano"]
[Result "1/2-1/2"]
[WhiteElo "1965"]
[BlackElo "1615"]
[PlyCount "50"]
[EventDate "2004.01.25"]

1. d4 d5 2. Nf3 e6 3. e3 Nf6 4. Bd3 Be7 5. Nbd2 O-O 6. Ne5 c5 7. c3 cxd4 8.
exd4 Nc6 9. f4 g6 10. O-O Nh5 11. g4 Ng7 12. Ndf3 f6 13. Nxc6 bxc6 14. h3 c5
15. Qe2 a5 16. Re1 cxd4 17. cxd4 Qb6 18. Kg2 Ba6 19. b3 Bxd3 20. Qxd3 Bb4 21.
Bd2 Rac8 22. Rec1 Bxd2 23. Qxd2 Rfd8 24. Rxc8 Rxc8 25. Rc1 Rc7 1/2-1/2

[Event "C.to Provinciale LI"]
[Site "Livorno ITA"]
[Date "2004.02.01"]
[Round "5"]
[White "Galletti, Armando"]
[Black "Rinaldi, Francesco Saverio"]
[Result "0-1"]
[WhiteElo "1627"]
[BlackElo "1965"]
[PlyCount "60"]
[EventDate "2004.01.25"]

1. e4 c5 2. Nf3 Nc6 3. d4 cxd4 4. Nxd4 g6 5. Be3 Nf6 6. Nc3 Bg7 7. Be2 O-O 8.
Qd2 d5 9. Nxc6 bxc6 10. Rd1 Bb7 11. Qc1 Qa5 12. Bd2 dxe4 13. Nxe4 Qd5 14. Nxf6+
Bxf6 15. O-O Qxa2 16. Bh6 Rfd8 17. Rxd8+ Rxd8 18. Rd1 Rxd1+ 19. Qxd1 Qd5 20.
Qxd5 cxd5 21. b3 d4 22. Bd2 Bd5 23. Bb4 Bc6 24. Bc5 a5 25. Bb6 a4 26. b4 a3 27.
Bc4 Bb5 28. Bb3 Ba4 29. Bc4 Bxc2 30. b5 Bd3 0-1